000 00647nam a2200205Ii 4500
003 JO-AjNU
008 230605s9999||||xx |||||||||||||| ||und||
017 _a2013/4/1013
040 _aJO-AjNU
_bara
_erda
_cJO-AjNU
041 _aara
050 1 4 _aNC50 2013
100 3 _aالفالح، ندى تأليف,
_eauthor
_947908
245 0 0 _aمبادى الرسم واللون
264 3 1 _aعمان:وزارة الثقافة,2013
300 _a320ص
336 _atext
_btxt
_2rdacontent
337 _aunmediated
_bn
_2rdamedia
338 _avolume
_bnc
_2rdacarrier
650 4 _aمبادئ الرسم واللون-الرسم-الفنون
_947909
999 _aA20946
_c24514
_d24514